|
|
|
|
| LEADER |
00000nam0a2200000 4500 |
| 001 |
186616 |
| 005 |
20231101224009.0 |
| 010 |
|
|
|a 9785222168172
|
| 035 |
|
|
|a (RuTPU)RU\TPU\book\202474
|
| 090 |
|
|
|a 186616
|
| 100 |
|
|
|a 20101101d2010 km y0rusy50 ca
|
| 101 |
0 |
|
|a rus
|
| 102 |
|
|
|a RU
|
| 105 |
|
|
|a a z 001zy
|
| 200 |
1 |
|
|a Психодиагностика: коллекция лучших тестов
|f О. Н. Истратова, Т. В. Эксакусто
|
| 205 |
|
|
|a 7-е изд.
|
| 210 |
|
|
|a Ростов-на-Дону
|c Феникс
|d 2010
|
| 215 |
|
|
|a 377 с.
|c ил.
|
| 225 |
1 |
|
|a Психологический практикум
|
| 320 |
|
|
|a Библиогр.: с. 371--372.
|
| 330 |
|
|
|a В сборнике тестов рассматриваются различные возможности психодиагностики личности, ее интеллекта, особенностей познавательных процессов. Показано, что в процессе психодиагностики личности могут использоваться личностные опросники, а также проективные методы, направленные на изучение эмоциональной сферы, сферы межличностных отношений, функциональных состояний. Рассматриваются возможности диагностики профессиональной направленности и профессиональной компетентности. Сборник содержит как развернутые аннотации известных психологических тестов, так и полные варианты методик, хорошо зарекомендовавших себя в практической психодиагностике. Представлены рекомендации к выполнению этих методик. Книга рассчитана на широкий круг читателей, студентов факультетов психологии и педагогики, а также практикующих специалистов.
|
| 606 |
1 |
|
|a Тесты
|x Психология
|2 stltpush
|3 (RuTPU)RU\TPU\subj\60015
|9 77506
|
| 610 |
1 |
|
|a психология
|
| 610 |
1 |
|
|a социальная психология
|
| 610 |
1 |
|
|a психодиагностика
|
| 610 |
1 |
|
|a психологические тексты
|
| 610 |
1 |
|
|a тестирование
|
| 610 |
1 |
|
|a интеллект
|
| 610 |
1 |
|
|a креативность
|
| 610 |
1 |
|
|a познавательные процессы
|
| 610 |
1 |
|
|a личностные качества
|
| 610 |
1 |
|
|a межличностные отношения
|
| 610 |
1 |
|
|a профессии
|
| 610 |
1 |
|
|a профессиограммы
|
| 610 |
1 |
|
|a профессиографирование
|
| 610 |
1 |
|
|a профессиональная диагностика
|
| 610 |
1 |
|
|a профессиональная компетентность
|
| 686 |
|
|
|a Ю95
|v LBC/SL-A
|2 rubbk
|
| 700 |
|
1 |
|a Истратова
|b О. Н.
|g Оксана Николаевна
|
| 701 |
|
1 |
|a Эксакусто
|b Т. В.
|g Татьяна Валентиновна
|
| 801 |
|
1 |
|a RU
|b 63413507
|c 20101101
|
| 801 |
|
2 |
|a RU
|b 63413507
|c 20120409
|g RCR
|
| 900 |
|
|
|a Психодиагностика
|
| 942 |
|
|
|c BK
|
| 959 |
|
|
|a 74/20101028
|d 1
|e 134,40
|f ЧЗГЛ:1
|